| 000 | 00500nam a2200181Ia 4500 | ||
|---|---|---|---|
| 008 | 180921t2003 xxu||||| |||| 00| 0 sin d | ||
| 041 | _asin | ||
| 080 |
_a616.12.008.315 _bMOH |
||
| 100 | _aMoheedin, M.R. | ||
| 245 | _aනිරෝගි හදවතකට අත්වැලක් | ||
| 246 | _aNirogi hadavathakata athvaelak | ||
| 260 |
_b _c2003 |
||
| 300 | _a45P, 26 cm | ||
| 650 |
_aHeart attacks _aCardiology |
||
| 942 | _cBK | ||
| 999 |
_c18292 _d18292 |
||
| 003 | LK-CoDNM | ||
| 040 |
_aLK-CoDNM _dLK-CoDNM _eLK-CoDNM |
||